000 00604nam a2200217Ia 4500
003 OSt
005 20230607183305.0
008 210423s2004 xx 000 0 und d
020 _a8176292834
040 _cAL
041 _aeng
082 _a362.1
_223
_bGOEH
100 _aGOEL (S L).
_9115999
245 _aHealth care policies and programme: health care system and management.
260 _aNew Delhi
_bDeep and deep publication
_c2004
300 _axxii,353
_bHB
365 _cINR
440 _v2
906 _acare ; Health ; management. ; policies ; programme: ; system
942 _2ddc
_cBK
999 _c175396
_d175396